| 000 | 00650nam a2200217Ia 4500 | ||
|---|---|---|---|
| 999 |
_c41099 _d41099 |
||
| 001 | 7749 | ||
| 003 | GE_BSU | ||
| 005 | 20221114145500.0 | ||
| 008 | 181216s2011en xx |||||||||||||| ||eng|| | ||
| 020 | _a9780470402573x | ||
| 040 | _cGE_BSU | ||
| 041 | _aeng | ||
| 080 | _a72.09 C-52 | ||
| 100 |
_aChing, Francis D.K. _914750 |
||
| 245 | 2 |
_aA Global History of Architecture / _cFrancis D.K. Ching, |
|
| 264 |
_aNew Jersey : _bHoboken, _c2011. |
||
| 300 |
_a848p.; _bIll. _c 29 cm. |
||
| 653 | _aA Global History of Architecture | ||
| 653 | _aარქიტექტურის გლობალური ისტორია | ||
| 942 |
_cBK _2udc |
||